LEADER 01554nam 2200361 n 450 001 996394737003316 005 20200824121819.0 035 $a(CKB)4940000000122617 035 $a(EEBO)2248537484 035 $a(UnM)ocm99886781e 035 $a(UnM)99886781 035 $a(EXLCZ)994940000000122617 100 $a19980211d1661 uh 101 0 $aeng 135 $aurbn||||a|bb| 200 10$aBy the King, a proclamation prohibiting all unlawful and seditious meetings and conventicles under pretence of religious worship$b[electronic resource] 210 $aLondon $cprinted by John Bill, printer to the King's most excellent Majesty, 1660. At the King's Printing-House in Black-Friers$d[1661] 215 $a2 sheets ([2] p.) 300 $aAt end of text: Given at our court at Whitehall, the tenth day of January, in the twelfth year of our reign, one thousand six hundred and sixty. 300 $aDates given according to Lady Day dating. 300 $aSteele notation: restraining vent 2) Meeting are; Arms 60. 300 $aReproduction of original in the British Library. 330 $aeebo-0018 606 $aFreedom of religion$vEarly works to 1800 606 $aSedition$zEngland$vEarly works to 1800 615 0$aFreedom of religion 615 0$aSedition 801 0$bCu-RivES 801 1$bCu-RivES 906 $aBOOK 912 $a996394737003316 996 $aBy the King. A proclamation, prohibiting all unlawful and seditious meetings and conventicles under pretence of religious worship$92317348 997 $aUNISA LEADER 02293nam 2200457 450 001 9910135395703321 005 20230725064155.0 035 $a(CKB)3810000000000232 035 $a(oapen)https://directory.doabooks.org/handle/20.500.12854/41138 035 $a(EXLCZ)993810000000000232 100 $a20141222d2011 fy| e 101 0 $aeng 135 $aurc|#---||||| 181 $ctxt$2rdacontent 182 $cc$2rdamedia 183 $acr$2rdacarrier 200 00$aApropriação social da ciência e da tecnologia $b[electronic resource]$econtribuições para uma agenda /$fMaria Cristina Piumbato Innocentini Hayashi, Cidoval Morais de Sousa, Danilo Rothberg (Organizadores) 210 $cSciELO Books - EDUEPB$d2011 210 1$aCampina Grande, State of Paraiba, Brazil :$cSciELO Books - EDUEPB,$d2011. 210 4$d©2011 215 $a1 online resource (330 pages) $cillustrations; digital, PDF file(s) 311 $a85-7879-071-5 311 $a85-7879-187-8 320 $aIncludes bibliographical references. 330 3 $aA cie?ncia e a tecnologia na contemporaneidade condicionam a organizac?a?o social e as formas existentes e emergentes de desigualdade e exclusa?o tanto em cada sociedade como entre sociedades e regio?es do mundo. Os contextos de acesso e apropriac?a?o do conhecimento cienti?fico e tecnolo?gico sa?o diversificados, como diferenciados sa?o os pu?blicos que se constituem em relac?a?o com esses contextos e modos de acesso e de apropriac?a?o. Os textos desta coleta?nea problematizam sob diferentes aspectos as questo?es cri?ticas para a compreensa?o e aplicac?a?o do conceito de apropriac?a?o social do conhecimento cienti?fico e tecnolo?gico. 606 $aScience$xTechnology 606 $aScience$xSocial aspects 606 $aBiotechnology 610 $aSCIENCE 615 0$aScience$xTechnology. 615 0$aScience$xSocial aspects. 615 0$aBiotechnology. 700 $aRothberg$b Danilo$4auth$0802849 702 $aHayashi$b Cristina P. Innocentini 702 $aSousa$b Cidoval Morais de 702 $aRothberg$b Danilo 801 2$bUkMaJRU 906 $aBOOK 912 $a9910135395703321 996 $aApropriação social da ciência e da tecnologia$93401237 997 $aUNINA